| 000 | 00463nam a22001937a 4500 | ||
|---|---|---|---|
| 003 | MPLRDC | ||
| 005 | 20220104153615.0 | ||
| 008 | 210129b ||||| |||| 00| 0 eng d | ||
| 020 | _a957-452-609-7 | ||
| 082 | _a418.91 SDF | ||
| 100 | _a盛大夫 | ||
| 245 |
_a不可思议的黑豆健康法 _c |
||
| 250 | _a初版 | ||
| 260 |
_a _b明日世纪 _c2003 |
||
| 300 | _b平 | ||
| 490 | _a健康情报. 14 | ||
| 650 | _a食物治疗 | ||
| 942 |
_cBK _o418.91 SDF |
||
| 999 |
_c53521 _d53511 |
||